| 000 | 00651nam a22002177a 4500 | ||
|---|---|---|---|
| 999 |
_c6241 _d6241 |
||
| 003 | AR-CdUCM | ||
| 008 | 190314b ||||| |||| 00| 0 spa d | ||
| 040 |
_aMUNICIPALIDAD PROVINCIAL DEL CUSCO _cBIBLIOTECA MUNICIPAL DEL CUSCO |
||
| 082 |
_a869.33 / _bD78 |
||
| 100 |
_aDroguett, Carlos _917974 |
||
| 245 | _aPatas de perro / | ||
| 260 |
_aSantiago de Chile : _bEdit.Zig-Zag _c1965. |
||
| 300 |
_a313 paginas ; _c20 cm. |
||
| 440 |
_aBiblioteca de novelistas _915449 |
||
| 500 | _aDonación familia Nieto | ||
| 505 | _aContenido :Novela / | ||
| 650 |
_aLiteratura chilena _92985 |
||
| 650 |
_aSiglo XX _98 |
||
| 942 |
_2ddc _cLIBROS |
||
| 945 | _arjall | ||